Score 0/17 Timer 02:00
1 Play Today
State % Correct
Florida
92.8%
Texas
89.6%
Ohio
85.9%
Georgia
85%
Alaska
83.8%
Alabama
83.1%
Hawaii
82.1%
Iowa
81.6%
Idaho
80%
State % Correct
Mississippi
79.9%
Utah
77.9%
Colorado
75.8%
South Dakota
74%
Delaware
73.8%
Missouri
70%
Oklahoma
68.9%
Massachusetts
65.2%
Remove Ads.
Support Sporcle.
Get the best of Sporcle when you Go Orange. This ad-free experience offers more features, more stats, and more fun while also helping to support Sporcle. Thank you for becoming a member.

You're not logged in!

Compare scores with friends on all Sporcle quizzes.
OR
Log In

Show Comments

Extras

Top Quizzes Today


Score Distribution

Your Account Isn't Verified!

In order to create a playlist on Sporcle, you need to verify the email address you used during registration. Go to your Sporcle Settings to finish the process.

Report this User

Report this user for behavior that violates our Community Guidelines.

Details: